Clic Les rues de Paris qui semblent se répondre... - Statistiques

Statistiques générales
  • Ce quiz a été pris 44 fois
  • Le résultat moyen est 35 sur 90
Statistiques - réponses
Hint Réponse % Correct
Avenue de Pologne Place de Varsovie
76%
Place de Tokyo Place de Kyoto
64%
Rue de l'arrivée Rue du départ
64%
Rue d'Alger Boulevard d'Algérie
61%
Cour des 3 Frères Impasse des 3 Soeurs
61%
Rue de Paradis Passage d'Enfer
61%
Rue d'Argentine Rue de Buenos Aires
61%
Rue de la Glacière Rue des Frigos
61%
Rue Washington Place des Etats-Unis
58%
Rue du Liban Rue de Beyrouth
58%
Rue d'Ecosse Rue d'Edimbourg
58%
Passage de Pékin Rue de la Chine
58%
Rue de la porte noire Rue de la porte jaune
58%
Rue Madame Rue Monsieur
58%
Cour des Fabriques Cour de l'Industrie
55%
Rue des deux ponts Pont au double
55%
Rue du Soleil Rue de la Lune
55%
Rue des Roses Rue des Rosiers
55%
Rue du Cimetière Rue du Père Lachaise
55%
Rue Danton Rue Robespierre
55%
Rue de la Clef Boulevard Sérurier
52%
Rue Dieu Impasse Satan
52%
Rue Berger Rue Bergère
52%
Rue de Lorraine Rue d'Alsace
52%
Rue de l'Egalité Rue de la Fraternité
52%
Cité Hiver Rue du printemps
52%
Rue Mademoiselle Rue Madame
52%
Rue de la Vierge Rue Sainte-Marie
52%
Rue Poulet Avenue du Coq
48%
Place Napoléon III Rue Bonaparte
48%
Rue Malassis Rue de la chaise
48%
Rue de l'Ouest Rue de l'Est
48%
Place d'Italie Rue de Rome
48%
Rue du Gros Caillou Rue du Rocher
48%
Rue Molière Rue Poquelin
48%
Rue de l'arbre sec Cour du Chêne vert
45%
Boulevard Poissonnière Impasse de la poissonnerie
45%
Rue de la Gaité Place des Fêtes
45%
Rue du Théâtre Rue de l'Ancienne Comédie
45%
Rue de la Liberté Rue de l'Egalité
45%
Avenue de Flandre Rue des Wallons
45%
Passage du Cheval Blanc Rue du Pré-aux-Chevaux
45%
Cours la Reine Rue Roy
45%
Rue Corbeau Rue du Renard
42%
Rue de la banque Rue du Trésor
42%
Rue du foin Rue Portefoin
42%
Rue Jules César Rue Vercingétorix
42%
Rue Clotilde Rue Clovis
39%
Rue du Chemin de fer Rue de la Gare
39%
Avenue de la Tunisie Rue de Tunis
39%
Avenue du Coq Rue Poussin
39%
Cour du Levant Cour du Ponant
36%
Rue des Jardiniers Passage de la Bonne Graine
36%
Passage des Eaux vives Route de l'Etang
36%
Rue du haut pavé Rue Basse
36%
Rue de Gergovie Rue d'Alésia
36%
Rue des Oiseaux Rue de l'hirondelle
36%
Rue du Pré Rue des Pâtures
36%
Rue de l'Epée de bois Rue de l'Arbalète
33%
Rue Floréal Rue Fructidor
33%
Passage de l'Union Place de la Concorde
30%
Rue des Arènes Rue du Cirque
30%
Rue du Nord Rue du Midi
30%
Avenue Raphaël Rue Gabriel
30%
Impasse de la Baleine Rue Poisson
30%
Rue Jacquard Rue Tisserand
27%
Rue des Petits Pères Rue des Grands Augustin
24%
Rue de la Colombe Rue du Vieux Colombier
24%
Rue Blanche Rue Richard-Lenoir
24%
Rue Niepce Rue Daguerre
21%
Rue du Four Rue du Gril
21%
Rue de Lille Rue du Nord
21%
Rue des Boulangers Rue Froment
21%
Rue d'Alésia Rue Jules César
21%
Rue du banquier Rue St Julien le Pauvre
21%
Rue de la Bourse Rue vide-gousset
21%
Rue Vineuse Rue Verdeau
18%
Rue de la Grande Truanderie Rue de la Paix
15%
Rue des Dames Rue de l'Echiquier
15%
Boulevard Henri IV Rue de Sully
15%
Cour du roi François Rue du Trône
12%
Rue du Dragon Impasse des Deux Anges
9%
Rue de Sully Quai de Béthune
9%
Place de la Garenne Rue de Bellechasse
9%
Rue de la Crèche Rue de l'Etoile
6%
Rue de la Lune Rue de Maubeuge
6%
Rue des Jeûneurs Rue du Croissant
6%
Rue Gramme Rue Pascal
6%
Rue de la Monnaie Rue des Lombards
3%
Rue Didot Rue Sébastien Bottin
3%
Aucun quiz correspondant
Distribution des résultats
% des personnes avec chaque résultat
Percentile par nombre de réponses
Votre historique - résultats
Vous n’avez pas pris ce quiz